Investing in renewable energy : making money on green chip stocks

Investing in Renewable Energy puts the depletion of finite resources such as oil, natural gas, and coal in perspective, and discusses how renewable energy solutions–from solar and wind to geothermal and biofuels–will usher in a new generation of wealth for investors and a new way of life for everyon...

Szczegółowa specyfikacja

Zapisane w:
Opis bibliograficzny
1. autor: Siegel, Jeffrey
Format: Książka
Język:Undetermined
Wydane: Hoboken, N.J. John Wiley & Sons 2008
Hasła przedmiotowe:
Etykiety: Dodaj etykietę
Nie ma etykietki, Dołącz pierwszą etykiete!
Thư viện lưu trữ: Trung tâm Học liệu Trường Đại học Cần Thơ
LEADER 01271nam a2200205Ia 4500
001 CTU_187341
008 210402s9999 xx 000 0 und d
082 |a 333.794 
082 |b S457 
100 |a Siegel, Jeffrey 
245 0 |a Investing in renewable energy : 
245 0 |b making money on green chip stocks 
245 0 |c effrey Siegel, Chris Nelder and Nick Hodge 
260 |a Hoboken, N.J. 
260 |b John Wiley & Sons 
260 |c 2008 
520 |a Investing in Renewable Energy puts the depletion of finite resources such as oil, natural gas, and coal in perspective, and discusses how renewable energy solutions–from solar and wind to geothermal and biofuels–will usher in a new generation of wealth for investors and a new way of life for everyone. With this book, you'll discover various renewable energy technologies that are at the forefront of transitioning our energy economy, and learn how to profit from next-generation renewable energy projects and companies that are poised to take over where fossil fuels will leave off. 
650 |a Energy industries,Clean energy industries,Công nghiệp năng lượng.,Công nghiệp năng lượng sạch 
904 |i Qhieu 
980 |a Trung tâm Học liệu Trường Đại học Cần Thơ